000 00964cam a2200265 a 4500
001 000004088
005 20200929150711.0
008 001012s2001 sp 000 f spa d
020 _a1586210300
040 _aDO-SdBNP
_bspa
_cBNPHU
041 1 7 _aspa
_heng
082 _a813.54
_bB979s
100 1 _aBushnell, Candace
_912177
240 1 0 _aSex and the city.
_lEspañol
245 1 0 _aSexo en Nueva York /
_cCandace Bushnell ; traducción, Matuca Fernández de Villavicencio.
260 _aBarcelona :
_bPlaza & Janés,
_c2001.
300 _a237 p. ;
_c23 cm.
534 _pTítulo original:
_tSex and the city
651 4 _aNew York (Estados Unidos{Rpara}
_xVida Social Y Costumbres
_ySIGLO XX.
_912178
650 4 _aNovela estadounidense
_ySIGLO XX.
_96873
650 4 _aLiteratura estadounidense
_ySIGLO XX
_vNOVELA.
_910902
700 1 _aFernández de Villavicencio, Matuca,
_etr.
_912179
910 _aJornada de catalogación
910 _aCatalogación derivada
999 _c3906
_d3906